Top 10 Leeds United Goalscorers - Statistics

General Stats
  • This quiz has been taken 1,004 times
    1,000 since last reset
  • The average score is 4 of 10
Answer Stats
Place Player # Goals % Correct
5 Billy Bremner 115
75%
1 Peter Lorimer 238
75%
3 Alan Clarke 151
63%
2 John Charles 157
51%
6 Johnny Giles 114
46%
7 Mick Jones 111
45%
9 Jack Charlton 95
40%
4 Tom Jennings 117
5%
8 Charlie Keetley 110
4%
10 Russell Wainscoat 93
3%
No matching quizzes found
Score Distribution
Percent of People with Each Score
Percentile by Number Answered
Your Score History
You have not taken this quiz since the last reset